Anglo-americká katalogizační pravidla druhé vydání, revize 1998

Gespeichert in:
Bibliographische Detailangaben
Körperschaften: American Library Association, Národní knihovna České republiky
Format: Buch
Sprache:Tschechisch
Veröffentlicht: Praha Národní knihovna České republiky 2006
Schlagworte:
Tags: Tag hinzufügen
Keine Tags, Fügen Sie das erste Tag hinzu!

MARC

LEADER 00000nam$a2200000$$$4500
001 0051785
005 20240315114353.8
020 |a 80-7050-187-1 
041 0 |a cze 
044 |a CZ 
245 1 0 |a Anglo-americká katalogizační pravidla  |b druhé vydání, revize 1998 
264 1 |a Praha  |b Národní knihovna České republiky  |c 2006 
300 |a [20, 104, 24 s.] 
610 2 0 |a knižnice 
610 2 0 |a knihovníctvo 
710 2 |a American Library Association 
710 2 |a Národní knihovna České republiky